000 00618nam a2200241Ia 4500
003 OSt
005 20220918180500.0
006 a|||||r|||| 00| 0
007 ta
008 220917b |||||||| |||| 00| 0 eng d
024 _a22,527
037 _cTextual
040 _aARTS
_cARTS
_beng
041 _2eng
_aeng
082 _aO:6M95a, K6
100 _aMcKenzie D F
_956352
245 0 _aF R Leavis
_b A Check list 1924-64
260 _c1966
650 _aENGLISH LITERATURE
700 _a Allum M P
_956353
942 _hO:6M95a, K6
_cTEXL
_2CC
999 _c161743
_d161743